Strategic synergy /
This book is about: What is synergy?; Identifying opportunities; Creating synergy benefits; Synergy in practice; ...
Zapisane w:
| Format: | Książka |
|---|---|
| Język: | English |
| Wydane: |
London :
International Thomson Business,
1998.
|
| Wydanie: | 2nd ed. |
| Hasła przedmiotowe: | |
| Etykiety: |
Dodaj etykietę
Nie ma etykietki, Dołącz pierwszą etykiete!
|
| Thư viện lưu trữ: | Mạng thư viện Đại học Đà Nẵng |
|---|
| LEADER | 01095cam a2200373 i 4500 | ||
|---|---|---|---|
| 001 | 000048282 | ||
| 003 | 7992 | ||
| 005 | 20030313155917.0 | ||
| 008 | 010321|1998 vm 000 eng | ||
| 020 | |a 1861522223 | ||
| 040 | |a IRC |c IRC |d IRC | ||
| 041 | 0 | |a eng | |
| 082 | 1 | 4 | |a 658.4012 |b St-S |
| 245 | 0 | 0 | |a Strategic synergy / |c Edited by Andrew Campbell and Kathleen Sommers Luchs. |
| 250 | |a 2nd ed. | ||
| 260 | |a London : |b International Thomson Business, |c 1998. | ||
| 300 | |a vi, 340 p. : |b ill. ; |c 23.5cm. | ||
| 520 | 3 | |a This book is about: What is synergy?; Identifying opportunities; Creating synergy benefits; Synergy in practice; ... | |
| 630 | 0 | 4 | |a Business. |
| 630 | 0 | 4 | |a Management. |
| 630 | 0 | 4 | |a Corporations. |
| 630 | 0 | 4 | |a Strategic planning. |
| 650 | 0 | 4 | |a Strategic planning. |
| 650 | 0 | 4 | |a Conglomerate corporations |x Management. |
| OWN | |a DUT | ||
| 999 | |a From the UDN01 | ||
| TYP | |a Monograph | ||
| TYP | |a Printed language | ||
| 980 | |a Mạng thư viện Đại học Đà Nẵng | ||


